| 000 | 00768nam a2200217 a 4500 | ||
|---|---|---|---|
| 001 | 000010966 | ||
| 005 | 20240412074222.0 | ||
| 008 | 091013s2004 dr a 001 p spa d | ||
| 020 | _a9993497274 | ||
| 040 |
_aDO-SdBNP _bspa _cBNPHU |
||
| 082 |
_aRD861.44 _bP977s |
||
| 245 | 0 | 0 | _aPueblo, sangre y canto. |
| 260 |
_aSanto Domingo : _bUASD, _c2004. |
||
| 300 |
_a56 p : _bil ; _c21 cm. |
||
| 490 | 1 |
_aPublicaciones de la Universidad Autónoma de Santo Domingo; _v1134 _aLiteratura y sociedad _v40 |
|
| 650 | 0 |
_aPoesía dominicana _966 |
|
| 650 | 0 |
_aLiteratura dominicana. _967 |
|
| 710 | 1 |
_aUniversidad Autónoma de Santo Domingo _972951 |
|
| 830 | 0 |
_aPublicaciones de la Universidad Autónoma de Santo Domingo; _n1134 _pLiteratura y sociedad _n40 _926375 |
|
| 049 | _aBNPD | ||
| 999 |
_c10704 _d10704 |
||